[Event "39th Olympiad Women"]
[Site "Khanty-Mansiysk RUS"]
[Date "2010.09.27"]
[Round "6"]
[White "Samaganova, Alexandra"]
[Black "Ordaz Valdes, Lisandra Teresa"]
[Result "0-1"]
[BlackTitle "WIM"]
[WhiteElo "2080"]
[BlackElo "2359"]
[Board "14.1"]
[WhiteTeam "KGZ"]
[BlackTeam "CUB"]
[WhiteFideId "13800221"]
[BlackFideId "3506940"]
[EventDate "2010.09.21"]
[EventType "team"]

1. c4 c5 2. Nc3 Nc6 3. g3 g6 4. Bg2 Bg7 5. e3 e5 6. Nge2 Nge7 7. O-O O-O 8. Nd5
d6 9. Nec3 Rb8 10. a3 Be6 11. h3 a6 12. Qe2 Qd7 13. Kh2 b5 14. d3 f5 15. Rb1
bxc4 16. dxc4 e4 17. b3 Ne5 18. Nxe7+ Qxe7 19. Qc2 h5 20. Ne2 d5 21. cxd5 Bxd5
22. Bd2 Qf7 23. b4 Bc4 24. Bc3 Bd3 25. Qb2 Bxb1 26. Qxb1 Nd3 27. Bxg7 Qxg7 28.
Qa2+ Qf7 29. Qxf7+ Rxf7 30. bxc5 Rb2 31. Nd4 Rxf2 32. Ne6 Rxf1 33. Bxf1 Re7 34.
Nf4 Nxf4 35. gxf4 Rc7 36. Bxa6 Rxc5 37. a4 Rc3 38. Kg2 Rxe3 39. Bc4+ Kg7 40. a5
h4 41. a6 Ra3 42. Bb5 Kf6 43. Bf1 g5 44. fxg5+ Kxg5 45. Kf2 f4 46. Bg2 f3 47.
Bf1 Kf4 48. Bb5 Ra1 0-1

[Event "39th Olympiad Women"]
[Site "Khanty-Mansiysk RUS"]
[Date "2010.09.27"]
[Round "6"]
[White "Linares Napoles, Oleiny"]
[Black "Ostry, Irina"]
[Result "1-0"]
[WhiteTitle "WIM"]
[BlackTitle "WIM"]
[WhiteElo "2328"]
[BlackElo "2197"]
[Board "14.2"]
[WhiteTeam "CUB"]
[BlackTeam "KGZ"]
[WhiteFideId "3504794"]
[BlackFideId "13800060"]
[EventDate "2010.09.21"]
[EventType "team"]

1. e4 c6 2. d4 d5 3. exd5 cxd5 4. c4 e6 5. Nc3 Nf6 6. Nf3 Be7 7. a3 Nc6 8. Bd3
dxc4 9. Bxc4 O-O 10. O-O b6 11. Re1 Bb7 12. Ba2 Rc8 13. Qd3 a6 14. Bb1 g6 15.
Bh6 Re8 16. Ba2 Ng4 17. Bf4 Bf8 18. Rad1 Nf6 19. Bg5 Be7 20. h4 b5 21. d5 Nxd5
22. Bxd5 exd5 23. Nxd5 Bxg5 24. hxg5 Rxe1+ 25. Rxe1 Qf8 26. Nf6+ Kh8 27. Qd7 Ba8
28. Qh3 h6 29. gxh6 Rd8 30. Ng5 Nd4 31. Qc3 Bc6 32. Nfh7 Qg8 33. Rd1 f6 34. Rxd4
Rxd4 35. Qxd4 1-0

[Event "39th Olympiad Women"]
[Site "Khanty-Mansiysk RUS"]
[Date "2010.09.27"]
[Round "6"]
[White "Tilenbaev, Baktygul"]
[Black "Marrero Lopez, Yaniet"]
[Result "0-1"]
[BlackTitle "WGM"]
[WhiteElo "1944"]
[BlackElo "2324"]
[Board "14.3"]
[WhiteTeam "KGZ"]
[BlackTeam "CUB"]
[WhiteFideId "13800639"]
[BlackFideId "3503950"]
[EventDate "2010.09.21"]
[EventType "team"]

1. e4 e5 2. Nf3 Nc6 3. Bb5 a6 4. Bxc6 dxc6 5. d4 exd4 6. Qxd4 Qxd4 7. Nxd4 c5 8.
Nb3 Bd7 9. Be3 b6 10. O-O O-O-O 11. a4 Re8 12. N1d2 Bc6 13. a5 Kb7 14. f3 f5 15.
axb6 cxb6 16. Rae1 fxe4 17. fxe4 Nf6 18. Bg5 Nxe4 19. Rf7+ Kc8 20. Nxe4 Rxe4 21.
Rd1 Re8 22. Bf4 Re7 23. Rf5 Be4 24. Rfd5 Bxd5 25. Rxd5 Rd7 26. Rg5 c4 27. Nd2
Bc5+ 0-1

[Event "39th Olympiad Women"]
[Site "Khanty-Mansiysk RUS"]
[Date "2010.09.27"]
[Round "6"]
[White "Guo, Emma"]
[Black "Guichard, Pauline"]
[Result "0-1"]
[WhiteTitle "WFM"]
[BlackTitle "WIM"]
[WhiteElo "1964"]
[BlackElo "2293"]
[Board "15.3"]
[WhiteTeam "AUS"]
[BlackTeam "FRA"]
[WhiteFideId "3200795"]
[BlackFideId "639370"]
[EventDate "2010.09.21"]
[EventType "team"]

1. d4 Nf6 2. c4 e6 3. Nf3 d5 4. e3 a6 5. Nbd2 Be7 6. b3 Nbd7 7. Bb2 c5 8. Bd3 b6
9. Ne5 Bb7 10. O-O Nxe5 11. dxe5 Ne4 12. Nxe4 dxe4 13. Be2 O-O 14. Qxd8 Rfxd8
15. Rfd1 Bc6 16. Kf1 Kf8 17. Ke1 Ke8 18. Rxd8+ Kxd8 19. Kd2 Kc7 20. Kc2 Rh8 21.
Bc3 h5 22. Rg1 h4 23. Kd2 b5 24. h3 b4 25. Bb2 Rd8+ 26. Kc2 a5 27. Bh5 g6 28.
Be2 a4 29. Rf1 a3 30. Ba1 Rf8 31. Bg4 Kc8 32. Kd2 Bd8 33. Ke2 Bc7 34. Rd1 Bd7
35. Rf1 Kd8 36. Rd1 Ke7 37. Rf1 Bc6 38. Kd2 Re8 39. Kc2 Rd8 40. Be2 f5 41. exf6+
Kf7 42. f4 exf3 43. Bxf3 Bxf3 44. gxf3 g5 45. Rg1 Bg3 46. Rd1 Rxd1 47. Kxd1 e5
48. Kd2 Kxf6 49. e4 Bh2 50. Kd3 Bg1 51. Kd2 Bf2 52. Kd3 Bd4 53. Bxd4 exd4 54.
Kd2 Ke5 55. Kd3 Kf4 56. Ke2 d3+ 57. Kxd3 Kxf3 58. e5 g4 59. e6 g3 60. e7 g2 61.
e8=Q g1=Q 62. Qh5+ Kg3 63. Qg4+ Kh2 64. Qxh4 Qb1+ 65. Ke3 Qxa2 66. Qf4+ Kg1 67.
Qg4+ Qg2 68. Qd1+ Kh2 69. Kf4 a2 70. Qe1 Qb2 71. Qg3+ Kh1 72. Qe1+ Kg2 73. Qe4+
Kh2 0-1

[Event "39th Olympiad Women"]
[Site "Khanty-Mansiysk RUS"]
[Date "2010.09.27"]
[Round "6"]
[White "Collas, Silvia"]
[Black "Reid, Vaness"]
[Result "1-0"]
[WhiteTitle "IM"]
[BlackTitle "WFM"]
[WhiteElo "2320"]
[BlackElo "1839"]
[Board "15.4"]
[WhiteTeam "FRA"]
[BlackTeam "AUS"]
[WhiteFideId "2902265"]
[BlackFideId "3205835"]
[EventDate "2010.09.21"]
[EventType "team"]

1. d4 d5 2. c4 e6 3. Nf3 Nf6 4. Bg5 Nbd7 5. e3 c6 6. Nbd2 Bd6 7. Bd3 O-O 8. O-O
Re8 9. Qc2 h6 10. Bh4 Qe7 11. e4 dxe4 12. Nxe4 Bc7 13. Rfe1 Bd8 14. c5 Rf8 15.
Nd6 Bc7 16. Bg3 Nd5 17. Bc4 N7f6 18. Qb3 b6 19. Ne5 Bd7 20. Qa3 Bxd6 21. cxd6
Qd8 22. Ba6 Qe8 23. Bb7 Rb8 24. Qxa7 Nb4 1-0

[Event "39th Olympiad Women"]
[Site "Khanty-Mansiysk RUS"]
[Date "2010.09.27"]
[Round "6"]
[White "Hejazipour, Mitra"]
[Black "Plazaola, Maria De Los Angeles"]
[Result "1-0"]
[WhiteTitle "WFM"]
[BlackTitle "WIM"]
[WhiteElo "2239"]
[BlackElo "2203"]
[Board "16.3"]
[WhiteTeam "IRI"]
[BlackTeam "ARG"]
[WhiteFideId "12505951"]
[BlackFideId "113395"]
[EventDate "2010.09.21"]
[EventType "team"]

1. d4 Nf6 2. Nf3 c5 3. d5 e6 4. Nc3 d6 5. e4 exd5 6. Nxd5 Nxd5 7. Qxd5 Be7 8.
Ng5 O-O 9. Bc4 Bxg5 10. Bxg5 Qb6 11. O-O-O Be6 12. Qd3 Re8 13. Qg3 Qc7 14. Bb5
Nc6 15. Bf6 Bg4 16. Qxg4 g6 17. Qf4 Re6 18. Bc4 Rae8 19. Bxe6 Rxe6 20. h4 Nb8
21. h5 Nd7 22. Bc3 Nf8 23. hxg6 fxg6 24. Rd3 Qe7 25. f3 b5 26. Rhd1 b4 27. Be1
Rf6 28. Bh4 Rxf4 29. Bxe7 Rf7 30. Bxf8 Kxf8 31. Rxd6 Rf4 32. Rd8+ Kg7 33. R8d7+
Kh6 34. Rh1+ Kg5 35. Rdxh7 a5 36. e5 Rf8 37. e6 Re8 38. Re1 Kf6 39. Rf7+ Kg5 40.
e7 1-0

[Event "39th Olympiad Women"]
[Site "Khanty-Mansiysk RUS"]
[Date "2010.09.27"]
[Round "6"]
[White "Fernandez, Maria Florencia"]
[Black "Ghader Pour, Shayesteh"]
[Result "0-1"]
[BlackTitle "WIM"]
[WhiteElo "2119"]
[BlackElo "2206"]
[Board "16.4"]
[WhiteTeam "ARG"]
[BlackTeam "IRI"]
[WhiteFideId "116459"]
[BlackFideId "12500747"]
[EventDate "2010.09.21"]
[EventType "team"]

1. d4 Nf6 2. c4 e6 3. Nc3 Bb4 4. e3 c5 5. Bd3 O-O 6. Nf3 d5 7. O-O cxd4 8. exd4
dxc4 9. Bxc4 Nbd7 10. Re1 b6 11. Bd3 Bb7 12. a3 Bxc3 13. bxc3 Rc8 14. c4 Qc7 15.
Ne5 Nxe5 16. Rxe5 h6 17. Bxh6 gxh6 18. Qd2 Ne8 19. Qxh6 f6 20. Re3 Rf7 21. Rxe6
Rg7 22. d5 Nd6 23. Rae1 Rf8 24. R1e3 Nf7 25. Qh5 Ng5 26. Re8 Qf7 27. Rxf8+ Kxf8
28. Qh6 Kg8 29. h4 Nh7 30. Re6 b5 31. Bxh7+ Rxh7 32. Qe3 Rg7 33. Re8+ Kh7 34.
Qe4+ f5 35. Qe5 bxc4 36. Re6 c3 37. Qf4 Rxg2+ 38. Kf1 Rg6 39. Re5 Ba6+ 0-1

[Event "39th Olympiad Women"]
[Site "Khanty-Mansiysk RUS"]
[Date "2010.09.27"]
[Round "6"]
[White "Kagramanov, Dina"]
[Black "Ziaziulkina, Nastassia"]
[Result "0-1"]
[WhiteTitle "WIM"]
[BlackTitle "WIM"]
[WhiteElo "2086"]
[BlackElo "2284"]
[Board "17.2"]
[WhiteTeam "CAN"]
[BlackTeam "BLR"]
[WhiteFideId "933953"]
[BlackFideId "13505211"]
[EventDate "2010.09.21"]
[EventType "team"]

1. e4 c5 2. Nf3 d6 3. d4 cxd4 4. Nxd4 Nf6 5. Nc3 e6 6. Be2 Be7 7. Be3 O-O 8. f3
a6 9. Qd2 b5 10. g4 Bb7 11. g5 Nfd7 12. h4 b4 13. Nd1 d5 14. exd5 Bxd5 15. Nf2
Ne5 16. Rh3 Nbd7 17. f4 Nc6 18. Nxc6 Bxc6 19. Nd3 Qa5 20. Bg4 Rfd8 21. h5 Nc5
22. Bxc5 Bxc5 23. g6 f5 24. gxh7+ Kh8 25. Bf3 Be4 26. h6 Ra7 27. Qg2 Bxd3 28.
cxd3 b3+ 29. Ke2 Bd4 30. Bb7 Qc7 31. hxg7+ Bxg7 32. Bc6 Rc8 33. Ba4 Qc2+ 34. Kf1
Qxg2+ 35. Kxg2 Bxb2 36. Re1 bxa2 37. Rhh1 Rxh7 38. Rhf1 Rg8+ 39. Kf2 Rh2+ 40.
Kf3 Rh3+ 41. Kf2 Bd4+ 0-1

[Event "39th Olympiad Women"]
[Site "Khanty-Mansiysk RUS"]
[Date "2010.09.27"]
[Round "6"]
[White "Homiakova, Elena"]
[Black "Lacau-Rodean, Iulia"]
[Result "1-0"]
[WhiteTitle "WFM"]
[WhiteElo "2156"]
[BlackElo "2024"]
[Board "17.3"]
[WhiteTeam "BLR"]
[BlackTeam "CAN"]
[WhiteFideId "13507761"]
[BlackFideId "1211285"]
[EventDate "2010.09.21"]
[EventType "team"]

1. e4 c5 2. Nf3 d6 3. d4 cxd4 4. Nxd4 Nf6 5. Nc3 a6 6. Be2 e5 7. Nb3 Be7 8. O-O
O-O 9. Kh1 Be6 10. f4 Qc7 11. f5 Bc4 12. g4 Nfd7 13. g5 f6 14. g6 h6 15. Rg1 Nb6
16. Bxc4+ Qxc4 17. Qh5 Rd8 18. Bxh6 Kf8 19. Bxg7+ Ke8 20. Bf8 1-0

[Event "39th Olympiad Women"]
[Site "Khanty-Mansiysk RUS"]
[Date "2010.09.27"]
[Round "6"]
[White "Orlova, Yelizaveta"]
[Black "Stetsko, Lanita"]
[Result "1/2-1/2"]
[BlackTitle "FM"]
[WhiteElo "1917"]
[BlackElo "2148"]
[Board "17.4"]
[WhiteTeam "CAN"]
[BlackTeam "BLR"]
[WhiteFideId "2601826"]
[BlackFideId "13505300"]
[EventDate "2010.09.21"]
[EventType "team"]

1. d4 d5 2. Nf3 Nf6 3. g3 e6 4. Bg2 c5 5. c3 Nc6 6. O-O Bd6 7. Nbd2 O-O 8. Qc2
cxd4 9. cxd4 Bd7 10. a3 Qb6 11. Qd3 Ne7 12. Re1 Bb5 13. Qb3 Qa6 14. a4 Bd7 15.
h3 Nc6 16. e3 Rfc8 17. e4 Na5 18. Qe3 dxe4 19. Ng5 Qd3 20. Ngxe4 Qxe3 21. Nxf6+
gxf6 22. Rxe3 Bc6 23. Ne4 Bxe4 24. Bxe4 f5 25. Bg2 Rc2 26. Rc3 Rxc3 27. bxc3 Rc8
28. Ba3 Bxa3 29. Rxa3 b6 30. Bf1 Kf8 31. Kg2 Ke7 32. f4 Nc4 33. Bxc4 Rxc4 34.
Kf3 h5 35. g4 hxg4+ 36. hxg4 fxg4+ 37. Kxg4 f6 38. Kf3 Kd6 39. Ke3 e5 40. Kd3
Kd5 41. fxe5 fxe5 42. dxe5 Rh4 43. Kc2 Kxe5 44. Kb3 Kd5 45. Ra1 a5 46. Rg1 1/2-1/2

[Event "39th Olympiad Women"]
[Site "Khanty-Mansiysk RUS"]
[Date "2010.09.27"]
[Round "6"]
[White "Ortiz, Nadya Karolina"]
[Black "Daulyte, Deimante"]
[Result "1-0"]
[WhiteTitle "WIM"]
[BlackTitle "WGM"]
[WhiteElo "2212"]
[BlackElo "2307"]
[Board "18.1"]
[WhiteTeam "COL"]
[BlackTeam "LTU"]
[WhiteFideId "4401778"]
[BlackFideId "12802859"]
[EventDate "2010.09.21"]
[EventType "team"]

1. e4 c5 2. Nf3 d6 3. d4 cxd4 4. Nxd4 Nf6 5. Nc3 g6 6. Be3 Bg7 7. f3 O-O 8. Qd2
Nc6 9. Bc4 Bd7 10. O-O-O Rc8 11. Bb3 Nxd4 12. Bxd4 b5 13. Bxa7 b4 14. Ne2 Qa5
15. Bd4 Ba4 16. Bxa4 Qxa4 17. Kb1 Ra8 18. Nc1 Rfc8 19. Qd3 Nd7 20. Qb3 Qc6 21.
Bxg7 Kxg7 22. h4 h6 23. Rhe1 Kg8 24. Re2 Nc5 25. Qd5 Qa6 26. b3 Ne6 27. Qd2 Qb5
28. Qxh6 Rc5 29. g4 Qa5 30. f4 Nc7 31. h5 Nb5 32. Rd3 g5 33. a4 bxa3 34. Na2
Nc3+ 35. Rxc3 Rxc3 36. e5 Rc5 37. Qxg5+ Kf8 38. Qh6+ Ke8 39. exd6 e5 40. Qf6 Qd8
41. Rxe5+ Rxe5 42. Qxe5+ Kd7 43. Nb4 Ra5 44. Nd5 a2+ 45. Ka1 Kc6 46. Nb4+ Kd7
47. Qe7+ Qxe7 48. dxe7 Rb5 49. Nc6 Rc5 50. Nd4 Kxe7 51. Kxa2 Rd5 52. c3 1-0

[Event "39th Olympiad Women"]
[Site "Khanty-Mansiysk RUS"]
[Date "2010.09.27"]
[Round "6"]
[White "Sarakauskiene, Zivile"]
[Black "Chirivi C, Jenny Astrid"]
[Result "0-1"]
[WhiteTitle "WIM"]
[BlackTitle "WIM"]
[WhiteElo "2171"]
[BlackElo "2227"]
[Board "18.2"]
[WhiteTeam "LTU"]
[BlackTeam "COL"]
[WhiteFideId "12800864"]
[BlackFideId "4403061"]
[EventDate "2010.09.21"]
[EventType "team"]

1. e4 c5 2. Nf3 e6 3. d4 cxd4 4. Nxd4 a6 5. Bd3 Nf6 6. O-O Qc7 7. Qe2 d6 8. c4
g6 9. Nc3 Bg7 10. Nf3 O-O 11. Be3 Nbd7 12. h3 b6 13. Rac1 Bb7 14. Bb1 Rac8 15.
b3 Qb8 16. Rfd1 Rfd8 17. Bf4 Ne5 18. Nh2 Bc6 19. a4 h6 20. Be3 Ba8 21. f4 Nc6
22. Nf3 Nd7 23. f5 Nc5 24. fxg6 fxg6 25. e5 dxe5 26. Bxg6 Nd4 27. Bxd4 exd4 28.
Ne4 Bxe4 29. Bxe4 Qf4 30. Re1 d3 31. Qd2 Bd4+ 32. Kf1 Qf6 33. Bxd3 Bb2 34. Rc2
Rxd3 35. Qe2 Rxb3 36. Kg1 Rf8 37. Nh2 Qg7 38. Kh1 Bd4 39. Nf3 Re3 40. Qd1 Rxe1+
41. Qxe1 e5 42. Re2 Nd3 0-1

[Event "39th Olympiad Women"]
[Site "Khanty-Mansiysk RUS"]
[Date "2010.09.27"]
[Round "6"]
[White "Salazar, Aura Cristina"]
[Black "Kalvyte, Vesta"]
[Result "1/2-1/2"]
[WhiteTitle "WFM"]
[WhiteElo "2169"]
[BlackElo "2097"]
[Board "18.3"]
[WhiteTeam "COL"]
[BlackTeam "LTU"]
[WhiteFideId "4403312"]
[BlackFideId "12802310"]
[EventDate "2010.09.21"]
[EventType "team"]

1. e4 c5 2. Nf3 d6 3. d4 cxd4 4. Nxd4 Nf6 5. Nc3 g6 6. Be3 Bg7 7. f3 O-O 8. Qd2
Nc6 9. Bc4 Bd7 10. O-O-O Rc8 11. Bb3 Nxd4 12. Bxd4 b5 13. h4 a5 14. h5 a4 15.
Bxf6 exf6 16. Bd5 f5 17. hxg6 hxg6 18. g4 a3 19. Qh2 Re8 20. Kb1 b4 21. Ne2 fxg4
22. fxg4 Be6 23. Nd4 Bxd5 24. exd5 Qf6 25. Qh7+ Kf8 26. Rhf1 Qe5 27. Qxg6 Rc7
28. Qd3 Qxd4 29. Qxd4 Bxd4 30. Rxd4 axb2 31. Kxb2 Re2 32. Rc1 Rc5 33. Kb3 Ke7
34. Kxb4 Kf6 35. a4 Ke5 36. c3 Rxd5 37. Rxd5+ Kxd5 38. Rd1+ Kc6 39. Rd4 Rb2+ 40.
Ka5 Rb3 41. Rc4+ Kd7 42. g5 d5 43. Rd4 Kc6 44. c4 dxc4 45. Rxc4+ Kd6 46. Rb4 Rg3
47. Rb6+ Kc7 48. Rb5 Rg4 49. Rc5+ Kd6 50. Rf5 Ke6 51. Rb5 Kd6 52. Rf5 Ke6 53.
Rc5 Kd6 54. Rb5 Ke6 55. Rb6+ Kd7 56. Rb7+ Kc6 57. Rxf7 Rxg5+ 58. Ka6 Rg8 59.
Rf6+ Kc7 60. a5 Ra8+ 61. Kb5 Rb8+ 62. Kc5 Rh8 63. Rf7+ Kb8 1/2-1/2

[Event "39th Olympiad Women"]
[Site "Khanty-Mansiysk RUS"]
[Date "2010.09.27"]
[Round "6"]
[White "Beinoraite, Viktorija"]
[Black "Orozco, Lina Yomayra"]
[Result "1/2-1/2"]
[BlackTitle "WCM"]
[WhiteElo "2053"]
[BlackElo "2154"]
[Board "18.4"]
[WhiteTeam "LTU"]
[BlackTeam "COL"]
[WhiteFideId "12803642"]
[BlackFideId "4402340"]
[EventDate "2010.09.21"]
[EventType "team"]

1. d4 Nf6 2. c4 c5 3. d5 b5 4. Nd2 g6 5. e4 d6 6. b3 Bg7 7. Bb2 Nbd7 8. Ngf3 O-O
9. Qc2 Re8 10. Bd3 bxc4 11. Nxc4 Ba6 12. O-O Bxc4 13. Bxc4 Nb6 14. Bb5 Rf8 15.
Bc6 Rb8 16. a4 a6 17. Nd2 Nc8 18. Qd3 Na7 19. Qxa6 Nxc6 20. dxc6 Rb6 21. Qc4
Nxe4 22. Bxg7 Nxd2 23. Qc3 Rxb3 24. Qxd2 Kxg7 25. Rfb1 Rxb1+ 26. Rxb1 Qc7 27.
Qb2+ Kg8 28. Qb7 Rc8 29. Rb6 c4 30. Kf1 c3 31. Ke2 d5 32. Kd3 d4 33. a5 Kg7 34.
Qxc7 Rxc7 35. a6 e6 36. Kc2 Kf6 37. Rb4 Ke5 38. Ra4 Rxc6 39. a7 d3+ 40. Kxd3 c2
41. Ra5+ Kf6 42. a8=Q c1=Q 43. Qh8+ Ke7 44. Ra7+ Rc7 45. Rxc7+ Qxc7 46. Qxh7 Qf4
47. f3 Qd6+ 48. Ke2 Qe5+ 49. Kf2 Qd4+ 50. Ke2 Qb2+ 51. Kf1 Qc1+ 52. Ke2 Qc2+ 53.
Kf1 Qd1+ 54. Kf2 Qd2+ 55. Kf1 Qd1+ 56. Kf2 Qd2+ 57. Kf1 Qd1+ 1/2-1/2

[Event "39th Olympiad Women"]
[Site "Khanty-Mansiysk RUS"]
[Date "2010.09.27"]
[Round "6"]
[White "Sihite, Chelsie Monica"]
[Black "Ovezova, Maisa"]
[Result "1-0"]
[WhiteTitle "WFM"]
[BlackTitle "WFM"]
[WhiteElo "2014"]
[BlackElo "2117"]
[Board "19.3"]
[WhiteTeam "INA"]
[BlackTeam "TKM"]
[WhiteFideId "7101198"]
[BlackFideId "14000393"]
[EventDate "2010.09.21"]
[EventType "team"]

1. e4 d6 2. Bc4 Nf6 3. d3 g6 4. Nc3 Bg7 5. f4 e5 6. Nf3 Nc6 7. O-O exf4 8. Bxf4
Be6 9. Bb3 Bxb3 10. axb3 Qd7 11. Qd2 h6 12. Kh1 g5 13. Be3 Ng4 14. Bg1 a6 15. h3
Nf6 16. Nd4 Nh5 17. Nf5 Be5 18. Bh2 O-O-O 19. Nd5 Bxh2 20. Kxh2 Qe6 21. Qc3 Qe5+
22. g3 Kb8 23. Qc4 Kc8 24. Rxa6 Kd7 25. Rxc6 bxc6 26. Nb4 Qc5 27. Qxf7+ Kc8 28.
c3 Nxg3 29. Kxg3 h5 30. d4 Qb5 31. Qc4 Qxc4 32. bxc4 Kd7 33. Nd3 Rdg8 34. c5 Rh7
35. cxd6 cxd6 36. e5 dxe5 37. Nxe5+ Kc7 38. Ra1 Kb6 39. b4 Rf8 40. Nc4+ Kb7 41.
Ncd6+ Kb8 42. Ra6 Rc7 43. c4 Rf6 44. c5 Re6 45. Rb6+ Ka8 46. h4 Rg6 47. Ra6+ Kb8
48. hxg5 Rxg5+ 49. Kf4 Rg4+ 50. Kf3 Rg8 51. b5 cxb5 52. Rb6+ Ka8 53. Rxb5 Rh7
54. Ra5+ Kb8 55. d5 h4 56. Nd4 Rf8+ 57. Ke3 Rc7 58. Rb5+ Ka8 59. Nc6 Rxc6 60.
dxc6 h3 61. c7 h2 62. Ra5# 1-0

[Event "39th Olympiad Women"]
[Site "Khanty-Mansiysk RUS"]
[Date "2010.09.27"]
[Round "6"]
[White "Atabayeva, Gozel"]
[Black "Medina, Warda Aulia"]
[Result "1/2-1/2"]
[WhiteTitle "WFM"]
[BlackTitle "WFM"]
[WhiteElo "2116"]
[BlackElo "2011"]
[Board "19.4"]
[WhiteTeam "TKM"]
[BlackTeam "INA"]
[WhiteFideId "14001896"]
[BlackFideId "7101570"]
[EventDate "2010.09.21"]
[EventType "team"]

1. e4 e6 2. d4 d5 3. exd5 exd5 4. Bd3 Bd6 5. Qf3 c6 6. Ne2 Qf6 7. Bf4 Bxf4 8.
Qxf4 Qxf4 9. Nxf4 Ne7 10. Nd2 Bf5 11. O-O-O Bxd3 12. Nxd3 Nd7 13. Rde1 f6 14.
Re2 Kf7 15. Rhe1 Rhe8 16. g4 Ng6 17. f4 Rxe2 18. Rxe2 Re8 19. Kd1 Ne7 20. h3 Nc8
21. Rxe8 Kxe8 22. Ke2 Nd6 23. Kf3 Kf7 24. Nc5 Ke7 25. Nxd7 Kxd7 26. Ke3 g6 27.
b3 Ke6 28. a4 b6 29. c3 h5 30. c4 hxg4 31. hxg4 dxc4 32. bxc4 a6 33. c5 Nc8 34.
Nb3 Kd5 35. Kd3 bxc5 36. Nxc5 Nb6 37. Nxa6 Nxa4 38. Nb4+ Kd6 39. f5 gxf5 40.
gxf5 c5 1/2-1/2

[Event "39th Olympiad Women"]
[Site "Khanty-Mansiysk RUS"]
[Date "2010.09.27"]
[Round "6"]
[White "Umudova, Nargiz"]
[Black "Kaya, Emel"]
[Result "1/2-1/2"]
[WhiteTitle "WIM"]
[WhiteElo "2251"]
[BlackElo "2070"]
[Board "20.3"]
[WhiteTeam "AZE"]
[BlackTeam "TUR"]
[WhiteFideId "13402137"]
[BlackFideId "6306411"]
[EventDate "2010.09.21"]
[EventType "team"]

1. e4 c5 2. b3 Nc6 3. Bb2 d6 4. Bb5 Bd7 5. f4 Nf6 6. d3 e6 7. Nd2 Be7 8. Ngf3
O-O 9. O-O a6 10. Bxc6 Bxc6 11. Qe1 Qc7 12. Qg3 d5 13. e5 Nh5 14. Qg4 g6 15. Ng5
b5 16. Qh3 h6 17. Ngf3 c4 18. Nd4 Bd7 19. c3 f5 20. dxc4 dxc4 21. b4 Kh7 22. g3
Qb6 23. Qg2 Rac8 24. Nf3 Bc6 25. Qf2 Be4 26. Bc1 Ng7 27. Be3 Qb7 28. a4 Ra8 29.
Qb2 Rfd8 30. Kf2 bxa4 31. Rxa4 a5 32. b5 Bc5 33. Nd2 Bxd4 34. Bxd4 Bc6 35. Rfa1
Qxb5 36. Qxb5 Bxb5 37. Rxa5 Rxa5 38. Rxa5 Rb8 39. Ra7 g5 40. Bc5 gxf4 41. gxf4
Rc8 42. Be7 Kg6 43. Nf3 Bc6 44. Nd4 Bd5 45. Bb4 Ra8 46. Rxa8 Bxa8 47. Bf8 Ne8
48. Ke3 Nc7 49. Ne2 Nb5 50. Kd2 Bf3 51. Nd4 Nxd4 52. cxd4 h5 53. h4 Kf7 54. Bd6
Ke8 55. Kc3 Be2 56. Kb4 Kd7 57. Kc5 c3 58. Kb6 c2 59. Ba3 Bd3 1/2-1/2

[Event "39th Olympiad Women"]
[Site "Khanty-Mansiysk RUS"]
[Date "2010.09.27"]
[Round "6"]
[White "Sasmazel, Burcu"]
[Black "Isgandarova, Khayala Ilqar qizi"]
[Result "1/2-1/2"]
[BlackTitle "WIM"]
[WhiteElo "1909"]
[BlackElo "2172"]
[Board "20.4"]
[WhiteTeam "TUR"]
[BlackTeam "AZE"]
[WhiteFideId "6319106"]
[BlackFideId "13401823"]
[EventDate "2010.09.21"]
[EventType "team"]

1. e4 c5 2. Nc3 Nc6 3. g3 g6 4. Bg2 Bg7 5. d3 d6 6. f4 e6 7. Nf3 Nge7 8. O-O O-O
9. Be3 b6 10. Bf2 Bb7 11. Qd2 Qd7 12. Rad1 Nd4 13. Nxd4 cxd4 14. Ne2 e5 15. c3
dxc3 16. Nxc3 d5 17. fxe5 d4 18. Ne2 Bxe5 19. Nf4 Qa4 20. b3 Qa3 21. Rc1 Qd6 22.
b4 Rac8 23. Ne2 f5 24. Qb2 Rcd8 25. Rfd1 Qf6 26. Qb3+ Kh8 27. Nf4 Rf7 28. Qe6
Qg7 29. Re1 Rd6 30. Qb3 g5 31. Ne6 Qf6 32. Nxg5 Rf8 33. Nf3 fxe4 34. dxe4 d3 35.
Rcd1 Rfd8 36. Nxe5 Qxe5 37. Rd2 Nc6 38. Qb2 Qxb2 39. Rxb2 Ne5 40. b5 Rc8 41. Rd2
Rc3 42. Be3 Rd8 43. Bg5 Rf8 44. Be3 Rd8 45. Bg5 Rf8 1/2-1/2

[Event "39th Olympiad Women"]
[Site "Khanty-Mansiysk RUS"]
[Date "2010.09.27"]
[Round "6"]
[White "Shabanaj, Eglantina"]
[Black "Cori T., Deysi"]
[Result "1-0"]
[BlackTitle "WGM"]
[WhiteElo "2070"]
[BlackElo "2368"]
[Board "21.1"]
[WhiteTeam "ALB"]
[BlackTeam "PER"]
[WhiteFideId "4700562"]
[BlackFideId "3801934"]
[EventDate "2010.09.21"]
[EventType "team"]

1. Nf3 Nf6 2. g3 b5 3. Bg2 Bb7 4. O-O e6 5. d3 d5 6. c3 Bd6 7. Re1 O-O 8. Nbd2
e5 9. Qc2 Re8 10. e4 Nbd7 11. Nh4 Bf8 12. exd5 Bxd5 13. Ne4 Nxe4 14. dxe4 Bc6
15. Be3 Nc5 16. Rad1 Qf6 17. b4 Nb7 18. f4 Nd6 19. fxe5 Qxe5 20. Bf4 Qe6 21. e5
Nc4 22. Nf3 Bxf3 23. Bxf3 Rad8 24. Be4 h6 25. Bf5 Qb6+ 26. Kh1 Rxd1 27. Qxd1 g5
28. e6 Kg7 29. Qh5 Qc6+ 30. Kg1 Bc5+ 31. bxc5 Qxc5+ 32. Be3 Qxf5 33. Bd4+ Kh7
34. Rf1 Qxe6 35. Rxf7+ Kg8 36. Rg7+ Kf8 37. Qf3+ 1-0

[Event "39th Olympiad Women"]
[Site "Khanty-Mansiysk RUS"]
[Date "2010.09.27"]
[Round "6"]
[White "Chumpitaz, Ann"]
[Black "Shabanaj, Alda"]
[Result "1-0"]
[WhiteTitle "WFM"]
[WhiteElo "2150"]
[BlackElo "1926"]
[Board "21.2"]
[WhiteTeam "PER"]
[BlackTeam "ALB"]
[WhiteFideId "3804178"]
[BlackFideId "4700597"]
[EventDate "2010.09.21"]
[EventType "team"]

1. e4 d6 2. d4 Nf6 3. Nc3 g6 4. Nf3 Bg7 5. Bc4 O-O 6. O-O Bg4 7. h3 Bxf3 8. Qxf3
c6 9. a4 Nbd7 10. Bf4 e5 11. dxe5 dxe5 12. Be3 Qc7 13. Qe2 a6 14. a5 Ne8 15. Na4
Nd6 16. Nb6 Rad8 17. Nxd7 Rxd7 18. Bc5 Re8 19. Bb3 Bf8 20. Bb6 Qc8 21. Rad1 Nb5
22. c3 Nc7 23. Rxd7 Qxd7 24. Rd1 Qc8 25. Rd2 Rd8 26. Rxd8 Qxd8 27. Qf3 Qd7 28.
Qxf7+ Qxf7 29. Bxf7+ Kxf7 30. Bxc7 Ke6 31. Kf1 Be7 32. Ke2 Bg5 33. g3 h5 34. f4
exf4 35. gxf4 Be7 36. Kd3 Bf6 37. Kc4 Be7 38. Kd4 Bf8 39. Bd8 Bd6 40. Ke3 Bc5+
41. Kf3 Kd7 42. Bb6 Be7 43. f5 gxf5 44. exf5 Bg5 45. Ke4 Bc1 46. b4 Bd2 47. Bd4
Be1 48. Kf4 Bd2+ 49. Ke5 Ke7 50. f6+ Kd7 51. Kf5 h4 52. Bc5 Bxc3 53. f7 1-0